Datum a čas kvízu
27.5
Celkem bodů
Celkový počet nahraných bodů na tomto kvízu bez doplňovacích otázek.
7.
Pořadí na kvízu
Konečné umístění týmu na tomto kvízu.
Zaznamenané odpovědi
| # | Otázka | Odpověď | Body | Výsledky |
|---|---|---|---|---|
| 1. | Ministerstvo zdravotnictví chy... | Reklamy by neměly zobrazovat živé bytosti. | 0 | |
| 2. | O tom, že Pláničkova metoda zv... | Pomocí virtuální reality. | 1 | |
| 3. | V úterý oslavila 80. narozenin... | Tina Turner | 0 | |
| 4. | Jak jste si jistě všimli, spol... | Zlatuška | 0 | |
| 5. | Biatlonová sezona byla zahájen... | Dorothea Wiererová | 1 | |
| 6. | V tomto tématu se podíváme na... | kališní lístek | 0 | |
| 7. | Časopis Květy je zřejmě nejsta... | A | 1 | |
| 8. | Nestorka českého ženského teni... | Peschke | 0 | |
| 9. | Z následujících rostlin vybert... | D | 1 | |
| 10. | Zřejmě nejslavnější českou fil... | dědeček vycinkal | 0 |